000 00439nam a2200181Ia 4500
005 20231122094259.0
008 131103s9999 xx 000 0 und d
040 _aLoreto College
041 _aEnglish
082 _aF
_bWAU
100 _aWaugh,Hillary
245 _aPrisoner's Plea
_cHillary Waugh
260 _aLondon
_bPan Books Ltd.
_c1963
300 _a204 p.
650 _aFiction in English
850 _aEnglish
942 _cBK
999 _c14349
_d64828